| 000 | 00979cam a22003137a 4500 | ||
|---|---|---|---|
| 003 | CHAP | ||
| 005 | 20220817043549.0 | ||
| 008 | 990730d1995 it rn 00110 fre d | ||
| 010 | _a78621 | ||
| 011 | _a79593 | ||
| 020 | _a9252037136 | ||
| 035 | _a89926 | ||
| 040 | _cCHAP | ||
| 090 | _aFolleto 15443f | ||
| 110 | 2 | _aFAO | |
| 245 | 1 | 3 |
_aLa pomme de terre dans les années 90 : _bsituation actuelle et perspectives de l'économie mondiale de la pomme de terre _c/par FAO |
| 260 |
_aRome : _bFAO, _c1995. |
||
| 300 | _a44 p. | ||
| 590 |
_aBATCH-UPD _b10 _c20130110 _lUCH01 _h1327 |
||
| 590 |
_aBATCH-UPD _b10 _c20130410 _lUCH01 _h0833 |
||
| 590 |
_aBATCH-UPD _b10 _c20130914 _lUCH01 _h1859 |
||
| 590 |
_aCONVERSION _b10 _c20130109 _lUCH01 _h1344 |
||
| 650 | 1 | 4 |
_aPapa _xAspectos económicos. _985173 |
| 650 | 1 | 4 |
_aPapa _xRendimiento. _985284 |
| 901 | _aBK | ||
| 905 | _aLilia Sánchez G. | ||
| 942 | _cFOLL | ||
| 949 |
_aFolleto 15443f _bBC _cFAO _d899261 _eFAO1 _i89926 _kDonaciØn _sb |
||
| 999 |
_c78621 _d78621 |
||